00341nam a22001457a 4500003000400000005001700004008004100021020001800062040002300080050001500103082001500118100002300133245002400156260001500180OSt20210930110517.0210930b |||||||| |||| 00| 0 eng d a978-246-152-0 cHawassa university a581/OPEb1 a581/OPEb1 aOpeke lawrence k . aTropical tree crops aBenin-city